[Event "CAN-ch U08"]
[Site "Windsor"]
[Date "2016.07.07"]
[Round "5.124"]
[White "Guo, Yu Chen"]
[Black "Chen, Andrew2222"]
[Result "1-0"]
[WhiteElo "495"]
[BlackElo "799"]
[PlyCount "101"]
[EventDate "2016.07.05"]
[EventType "swiss"]
[EventRounds "7"]
[EventCountry "CAN"]
[SourceTitle "EXT 2022"]
[Source "ChessBase"]
[SourceDate "2021.10.06"]
[SourceVersion "1"]
[SourceVersionDate "2021.10.06"]
[SourceQuality "1"]

1. e4 d5 2. exd5 Nf6 3. Nc3 Nxd5 4. Bc4 Nxc3 5. dxc3 Qxd1+ 6. Kxd1 e5 7. Nf3 Bg4 8. Re1 Bxf3+ 9. gxf3 Nc6 10. f4 0-0-0+ 11. Bd2 exf4 12. f3 f6 13. Be6+ Kb8 14. Bf7 Ne5 15. Bb3 Nxf3 16. Re2 Bc5 17. Ba4 c6 18. b4 Bb6 19. c4 Rhe8 20. Kc1 Rxe2 21. Bxf4+ Ka8 22. c5 Re1+ 23. Kb2 Bxc5 24. bxc5 Rxa1 25. Kxa1 b5 26. cxb6 axb6 27. Bxc6+ Ka7 28. Bxf3 g5 29. Be3 Re8 30. Bf2 Kb8 31. Bxb6 Re6 32. Bf2 Re5 33. Bg3 Ka7 34. Bxe5 fxe5 35. Kb2 Kb6 36. Kc3 Kc5 37. Kd3 Kd6 38. Ke4 Ke6 39. a4 Kd6 40. c4 Kc5 41. a5 Kxc4 42. a6 Kb5 43. a7 Kc4 44. a8Q Kc5 45. Kxe5 Kc4 46. Qd5+ Kc3 47. Qd4+ Kb3 48. Bd5+ Kc2 49. Be4+ Kb3 50. Qc5 Ka4 51. Bc2# 1-0